Sports Quiz

Random Sports or Baseball Quiz

MLB 400 HR Hitter per Letter Quiz Stats

Quiz Updated Oct 2, 2017

Challenge
Share
Tweet
Embed
Score 0/17 Timer 04:00
3 Plays Today
Letter Player % Correct
RBabe Ruth, Alex Rodriguez...
96%
BBarry Bonds, Ernie Banks...
94.1%
MWillie Mays, Mark McGwire...
92.6%
AHank Aaron
91.3%
SSammy Sosa, Mike Schmidt...
87.7%
GKen Griffey, Lou Gehrig...
83.3%
JReggie Jackson, Chipper Jones...
79.6%
WTed Williams, Dave Winfield...
78.4%
TJim Thome, Frank Thomas...
75.9%
Letter Player % Correct
PRafael Palmeiro, Mike Piazza...
69.2%
YCarl Yastrzemski
68.8%
KHarmon Killebrew, Dave Kingman...
64.6%
OMel Ott, David Ortiz...
61.9%
FJimmie Foxx
45.4%
DCarlos Delgado, Andre Dawson...
37.4%
CJose Canseco, Miguel Cabrera
36%
EDarrell Evans
26.6%

You're not logged in!

Compare scores with friends on all Sporcle quizzes.
Sign Up with Email
OR
Log In

You Might Also Like...

Show Comments

Extras

Top Quizzes Today


Score Distribution

Your Account Isn't Verified!

In order to create a playlist on Sporcle, you need to verify the email address you used during registration. Go to your Sporcle Settings to finish the process.

Report this User

Report this user for behavior that violates our Community Guidelines.

Details: